000 02804njm a2200577 i 4500
001 196108
003 ES-MaACL
005 20250904042301.0
007 sd*fsngnnmmned
008 240209s2007 sp opn d / ita
015 _aSON07
017 _aM 25699-2007
_bOficina Depósito Legal Madrid
020 _a9788496832657
035 _a(OCoLC)1004297498
035 _a(SpMaBN)a4580561
040 _aSpMaBN
_bspa
_cSpMaBN
_erdc
100 1 _aRossini, Gioachino,
_d1792-1868
_9240542
_ednr
240 1 _aL'italiana in Algeri
245 1 2 _aL'italiana in Algeri /
_cRossini ; libreto de Angelo Anelli
_h[Grabación sonora]
260 _aMadrid :
_bPrisa Innova,
_cD.L. 2007
264 _a©2007
300 _a2 discos (CD Audio) +
_e1 libro (76 páginas)
336 _2rdacontent
_amúsica (interpretada)
337 _2rdamedia
_aaudio
338 _2rdacarrier
_avolumen
490 1 _aLos clásicos de la ópera, 400 años ;
_v29
500 _aRemasterizado
511 1 _aLucia Valentini-Terrani, Ugo Benelli, Sesto Bruscantini, Enzo Dara, Norma Palacios-Rossi, Gigliola Caputi, Alfredo Mariotti ; Coro de la Ópera Estatal de Dresde ; Staatskapelle Dresden ; Gary Bertini, director musical.
518 _aGrabado en Dresde en febrero de 1978
520 _aL'italiana in Algeri no hace nada para disimular su condición de disparate puro, de locura sin tapujos. El público del estreno, el 22 de mayo de 1813 en Venecia, aplaudió a más no poder y la calurosa acogida impuso definitivamente al joven compositor. Stendhal se refirió a la obra como "una locura organizada y completa, que hace olvidar toda la tristeza del mundo".
650 7 _aÓperas-
_9137584
_vLibretos
655 7 _aLibretos
_2
_9242219
700 1 _aAnelli, Angelo,
_d1761-1820-
_tL'italiana in Algeri-
_lEspañol-Italiano
_9238286
_elbt
700 1 _aValentini-Terrani, Lucia
_9238287
_eprf
700 1 _aBenelli, Ugo
_9238288
_eprf
700 1 _aBruscantini, Sesto,
_d1919-2003
_9238289
_eprf
700 1 _aDara, Enzo,
_d1938-
_9238290
_eprf
700 1 _aPalacios-Rossi, Norma
_9238291
_eprf
700 1 _aCaputi, Gigliola
_9238292
_eprf
700 1 _aMariotti, Alfredo,
_d1932-2009
_9238293
_eprf
700 1 _aBertini, Gary,
_d1927-2005
_9238294
_emsd
710 2 _aDresdner Staatsopernchor
_9238295
710 2 _aStaatskapelle Dresden
_9238296
852 _aES-MaACL
_bR.155042
_cDEPOJ
_jN-9824
_hDonación: Miren Fernández
_xEncuadernación cartoné
_pVolumen 29
_9205745
903 _aFernández, Miren
_ednr
942 _cMONOGRAFIA
_n0
999 _c196108
_d196108